| 000 | 00563nam a22001817a 4500 | ||
|---|---|---|---|
| 005 | 20251108174705.0 | ||
| 008 | 250721s2008 xx 000 0 ara d | ||
| 082 | 1 | 4 | _a658.45/خزا |
| 100 | 1 |
_aالخزامي، عبد الحكم أحمد _eمؤلف |
|
| 245 | 1 | 0 | _aلغة الاجتماعات عربي / English / |
| 246 | 1 | 1 | _aTHE LANGUAGE OF MEETING |
| 264 | 1 |
_aالقاهرة : _bمكتبة ابن سينا، _c2008. |
|
| 300 | _a127 ص. | ||
| 650 | 1 | 7 | _aالماتمرات |
| 650 | 1 | 7 | _aاداره الاعمال |
| 942 |
_2ddc _cBK |
||
| 999 |
_c115532 _d115532 |
||